Interpretation of aquifer gas storage conditions from water pumping tests /

Bibliographic Details
Corporate Authors: University of California, Berkeley, American Gas Association. Pipeline Research Committee
Other Authors: Witherspoon, Paul Adams, 1919-
Format: Book
Language:English
Published: New York : American Gas Association, 1967.
Subjects:

MARC

Tag First Indicator Second Indicator Subfields
LEADER 00000cam a22000001a 4500
001 in00000071327
005 20151008062151.0
008 731207s1967 nyua b 00000 engm
010 |a  67063074  
035 |a (OCoLC)00885923 
035 |9 AAJ9656AM 
040 |a DLC  |c DLC  |d m.c.  |d TXA  |d UtOrBLW 
049 |a TXAM  |c [1654700] 
050 0 0 |a TN880  |b .I47 
082 0 |a 665/.74 
245 0 0 |a Interpretation of aquifer gas storage conditions from water pumping tests /  |c P.A. Witherspoon [and others]. 
264 1 |a New York :  |b American Gas Association,  |c 1967. 
300 |a xvi, 273 pages :  |b illustrations ;  |c 29 cm. 
336 |a text  |b txt  |2 rdacontent 
337 |a unmediated  |b n  |2 rdamedia 
338 |a volume  |b nc  |2 rdacarrier 
500 |a At head of title: University of California, Berkeley, California. American Gas Association, New York. 
500 |a "Monograph prepared on project NS-38 at the University of California for the Pipeline Research Committee of the American Gas Association." 
504 |a Bibliography: pages 271-273. 
650 0 |a Natural gas  |x Underground storage. 
700 1 |a Witherspoon, Paul Adams,  |d 1919- 
710 2 |a University of California, Berkeley. 
710 2 |a American Gas Association.  |b Pipeline Research Committee. 
999 |a MARS 
999 f f |s 3b13181e-dcbf-38b5-8147-711fe595fe46  |i 8aecd4ff-f2aa-3c0f-ab62-fb56ee8b1b46  |t 0 
952 f f |p ric  |a Texas A&M University  |b Rellis Campus  |c Joint Library Facility  |d Remote Storage  |t 0  |e TN880 .I47  |h Library of Congress classification  |i unmediated -- volume  |m A14806255757 
998 f f |a TN880 .I47  |t 0  |l Remote Storage